Humanoid robotok biztonságtechnikája - Áttekintés

A humanoid robotok, azaz az emberi formára tervezett és az emberi mozgást utánzó gépek erősödő terjedésével párhuzamosan kiemelten fontossá vált ezen eszközök biztonságtechnikája. Mivel a robotok az emberek közvetlen környezetében az ember által épített és az embernek szánt környezetben működhetnek,...

Teljes leírás

Elmentve itt :
Bibliográfiai részletek
Szerzők: Kóczi Dávid
Sárosi József
Dokumentumtípus: Cikk
Megjelent: 2025
Sorozat:JELENKORI TÁRSADALMI ÉS GAZDASÁGI FOLYAMATOK 20 No. 3
Tárgyszavak:
doi:10.14232/jtgf.2025.3.95-109

mtmt:36404301
Online Access:http://publicatio.bibl.u-szeged.hu/38729
LEADER 02448nab a2200229 i 4500
001 publ38729
005 20260116083037.0
008 260116s2025 hu o 000 hun d
022 |a 1788-7593 
024 7 |a 10.14232/jtgf.2025.3.95-109  |2 doi 
024 7 |a 36404301  |2 mtmt 
040 |a SZTE Publicatio Repozitórium  |b hun 
041 |a hun 
100 1 |a Kóczi Dávid 
245 1 0 |a Humanoid robotok biztonságtechnikája - Áttekintés  |h [elektronikus dokumentum] /  |c  Kóczi Dávid 
260 |c 2025 
300 |a 95-109 
490 0 |a JELENKORI TÁRSADALMI ÉS GAZDASÁGI FOLYAMATOK  |v 20 No. 3 
520 3 |a A humanoid robotok, azaz az emberi formára tervezett és az emberi mozgást utánzó gépek erősödő terjedésével párhuzamosan kiemelten fontossá vált ezen eszközök biztonságtechnikája. Mivel a robotok az emberek közvetlen környezetében az ember által épített és az embernek szánt környezetben működhetnek, például gyárak vagy otthonok, elengedhetetlenek olyan technológiák és szabályok alkalmazása, amelyek megelőzik a baleseteket vagy csökkenthetik a bekövetkezett balesetek súlyosságát. Ez a cikk áttekinti a szakirodalom alapján a humanoid robotok biztonságtechnikáját öt kulcsterületen. Fizikai biztonság, szoftveres és kiberbiztonság, ipari és munkahelyi alkalmazások biztonsági előírásai, szabványok és jogszabályok, valamint etikai és társadalmi kérdések. Összességében a humanoid robotok biztonságtechnikájának fejlesztése alapvető fontosságú a modern ipari és háztartási környezetben, a hatékony és biztonságos ember-robot együttműködés kialakításához. Az áttekintés feltárta, hogy a fizikai biztonság többrétegű rendszeren alapul, amely ötvözi az aktív és passzív megoldásokat, mint a szenzor alapú ütközés elkerülés vagy erőkorlátozás puha védőburkolat segítségével. A kiberbiztonság terén kulcsfontosságú a hitelesítés és a kommunikáció titkosítása. Szabványok tekintetében inkább hiányosságok mutatkoznak, amely rámutatnak a humanoid robot specifikus előírások szükségességére. Etikai szempontból a felhasználói bizalom elnyerése és a magánszféra védelme kulcsfontosságú. 
650 4 |a Villamosmérnöki és informatikai tudományok 
700 0 1 |a Sárosi József  |e aut 
856 4 0 |u http://publicatio.bibl.u-szeged.hu/38729/1/HUMANOIDROBOTOKBIZTONSAGTECHNIKAJA_ATTEKINTES.pdf  |z Dokumentum-elérés